MARC details
| 000 -CABECERA |
| campo de control de longitud fija |
01692nam a2200241 i 4500 |
| 003 - IDENTIFICADOR DEL NÚMERO DE CONTROL |
| campo de control |
DO-SdBNP |
| 005 - FECHA Y HORA DE LA ÚLTIMA TRANSACCIÓN |
| campo de control |
20230817112237.0 |
| 006 - CÓDIGOS DE INFORMACIÓN DE LONGITUD FIJA--CARACTERÍSTICAS DEL MATERIAL ADICIONAL |
| campo de control de longitud fija |
a||||fr|||| 00| 0 |
| 007 - CAMPO FIJO DE DESCRIPCIÓN FÍSICA--INFORMACIÓN GENERAL |
| campo de control de longitud fija |
ta |
| 008 - DATOS DE LONGITUD FIJA--INFORMACIÓN GENERAL |
| campo de control de longitud fija |
230815e1998 dr a|||| |||| 00| 0 spa d |
| 040 ## - FUENTE DE LA CATALOGACIÓN |
| Centro catalogador/agencia de origen |
DO-SdBNP |
| Lengua de catalogación |
spa |
| Centro/agencia transcriptor |
BNPHU |
| Normas de descripción |
rda |
| 082 #4 - NÚMERO DE LA CLASIFICACIÓN DECIMAL DEWEY |
| Número de edición |
22 |
| Número de documento/Ítem |
R426pr |
| 110 1# - ENTRADA PRINCIPAL--NOMBRE DE ENTIDAD CORPORATIVA |
| Nombre de entidad corporativa o nombre de jurisdicción como elemento de entrada |
República Dominicana |
| Unidad subordinada |
Secretaría de Estado de Finanza |
| Término indicativo de función/relación |
Instituto de Capacitación Tributaria |
| 9 (RLIN) |
53816 |
| 245 10 - MENCIÓN DE TÍTULO |
| Título |
Programación regular de cursos 1998. / |
| 264 #1 - PRODUCCIÓN, PUBLICACIÓN, DISTRIBUCIÓN, FABRICACIÓN Y COPYRIGHT |
| Producción, publicación, distribución, fabricación y copyright |
Santo Domingo : |
| Nombre del de productor, editor, distribuidor, fabricante |
INCAT, |
| Fecha de producción, publicación, distribución, fabricación o copyright |
1998 |
| 300 ## - DESCRIPCIÓN FÍSICA |
| Extensión |
63 páginas : |
| Otras características físicas |
Ilustraciones ; |
| Dimensiones |
20 cm |
| 336 ## - TIPO DE CONTENIDO |
| Fuente |
rdacontent |
| Término de tipo de contenido |
texto |
| Código de tipo de contenido |
txt |
| 337 ## - TIPO DE MEDIO |
| Fuente |
rdamedia |
| Nombre/término del tipo de medio |
sin mediación |
| Código del tipo de medio |
n |
| 338 ## - TIPO DE SOPORTE |
| Fuente |
rdacarrier |
| Nombre/término del tipo de soporte |
volumen |
| Código del tipo de soporte |
nc |
| 505 ## - NOTA DE CONTENIDO CON FORMATO |
| Nota de contenido con formato |
Agente de Retención y Liquidación. |
| Título |
Básico de Técnicas Aduanales.-- Calidad en el Servicio y Atención al Cliente.-- Catastro y Valuación de Bienes Inmuebles.-- Contabilidad Básica.--Derecho Tributario.-- Especialización en Tributos Internos.-- Especialización en Comercio Exterior y Aduanas.-- Fiscalización de Renta.-- Formulación y Ejecución Presupuestaria.-- Impuesto Sobre la Renta.-- Impuesto a la Transferencias d Bienes.-- Industrializados y servicios al ITBIS.-- Impuesto Selectivo al consumo.-- Impuesto a la vivienda Suntuaria y solares.-- Urbanos no Edificados.-- |
| -- |
Nomenclatura y Merceología.-- Normas Generales, Procedimientos, Infracciones y Sanciones Tributarias.-- Organización y métodos.-- Ortografía y redacción.-- Redacción de Informes Técnicos.-- Relaciones Humanas.-- Sucesiones y Donaciones.-- Sucesiones, Donaciones y Transferencia a Título Oneroso.-- Verificación a Aforo.-- Valoración Aduanera. |
| 590 ## - NOTA LOCAL (RLIN) |
| Nota local |
Inventariado 2023 / MF |
| 942 ## - ELEMENTOS DE PUNTO DE ACCESO ADICIONAL (KOHA) |
| Fuente del sistema de clasificación o colocación |
Dewey Decimal Classification |
| Tipo de ítem Koha |
Libro |